=LDR 00000nam 2200000 4500 =001 INLIS000000000038652 =005 20130612144321 =008 ***********************************Ind** =035 ##$$0010-061300000038652 =041 ##$$a Ind =082 ##$$a 641.86 =090 ##$$a 641.86, Ser s =245 ##$$a Seri industri rumahan, variasi chees stock, Oleh Dapur Kirana; Editor, Intarina Hardiman =260 ##$$a 2010 $b Jakarta =300 ##$$a 56 hlm6bIlus, 23 cm =650 ##$$a Kue =700 ##$$a Hardiman, Intarina dan Asmoro, Yudho =850 ##$$a NBPNMAT